Golfos y Bahías en el Mapa Mundial - Estadísticas

Estadísticas generales
  • Esta prueba ha sido intentada 2.404 veces
  • La puntuación promedio es 7 de 16
Respuestas en el mapa
Las respuestas están codificadas por una escala verde-roja en el mapa de la prueba según el % correcto abajo.
 
Estadísticas de respuestas
Golfo/Bahía % Correcto
Golfo de México
91%
Golfo de California
76%
Golfo Pérsico
67%
Golfo de Vizcaya
61%
Golfo de Bengala
60%
Golfo de Guinea
59%
Golfo de Alaska
57%
Bahía de Hudson
47%
Golfo de Finlandia
37%
Golfo de Tailandia
35%
Golfo de Adén
32%
Bahía de Baffin
30%
Golfo de Botnia
30%
Golfo de San Lorenzo
18%
Golfo de Carpentaria
14%
{Gran} Bahía {Australiana}
11%
No se encontraron pruebas coincidentes
Distribución de puntuación
Porcentaje de gente con cada puntuación
Porcentaje por número respondido
Historial de tus puntuaciones
No has intentado esta prueba.